Sports Quiz

Random Sports or MLB Quiz

MLB 40-HRs by 4-Letter Players Quiz Stats

 Plays Quiz Updated Oct 3, 2019

Score 0/15 Timer 06:00
5 Plays Today
#40-HR Seasons (Last Year ) Player % Correct
11 (1932)Babe Ruth
92.4%
7 (2003)Sammy Sosa
73%
6 (1965)Willie Mays
58.6%
5 (1938)Jimmie Foxx
48.7%
1 (1929)Mel Ott
38.5%
6 (2012)Adam Dunn
35.6%
4 (2019)Nelson Cruz
30.1%
1 (1987)George Bell
26%
#40-HR Seasons (Last Year ) Player % Correct
1 (2005)Derrek Lee
21.6%
1 (1978)Jim Rice
21.5%
1 (2007)Carlos Peña
17.6%
3 (1948)Johnny Mize
16.1%
1 (1961)Norm Cash
12.8%
1 (2006)Jermaine Dye
12.6%
1 (1955)Wally Post
5.5%

You're not logged in!

Compare scores with friends on all Sporcle quizzes.
OR
Log In

Sporcle TV

Today on Sporcle TV


Watch our educational content, quiz creation guides, and fun videos on Sporcle TV.

Show Comments

Extras

Top Quizzes Today


Score Distribution

Your Account Isn't Verified!

In order to create a playlist on Sporcle, you need to verify the email address you used during registration. Go to your Sporcle Settings to finish the process.

Report this User

Report this user for behavior that violates our Community Guidelines.

Details: